[Event "FIDE Chesscom Grand Swiss 2019"]
[Site "Douglas-Isle of Man"]
[Date "2019.10.14"]
[Round "5.37"]
[White "Clarke, Brandon G I"]
[Black "Stefanova, Antoaneta"]
[Result "0-1"]
[WhiteElo "2445"]
[BlackElo "2479"]
[Annotator "ChessBase"]
[PlyCount "106"]
[EventDate "2019.10.10"]
[EventType "swiss"]
[EventCountry "GBR"]
[SourceTitle "playchess.com"]
[Source "ChessBase"]
[SourceQuality "1"]
[TimeControl "40/6000+30:20/3000+30:900+30"]

1. e4 {[%emt 0:00:00]} c6 {[%emt 0:02:10]} 2. d4 {[%emt 0:00:00]} d5 {[%emt 0:00:05]} 3. e5 {[%emt 0:00:00]} c5 {[%emt 0:00:10]} 4. dxc5 {[%emt 0:00:05]} e6 {[%emt 0:00:14]} 5. a3 {[%emt 0:00:03]} Bxc5 {[%emt 0:00:32]} 6. Nf3 {[%emt 0:00:59]} Ne7 {[%emt 0:01:31]} 7. Bd3 {[%emt 0:01:05]} Ng6 {[%emt 0:01:31]} 8. O-O {[%emt 0:03:39]} Qc7 {[%emt 0:00:52]} 9. Re1 {[%emt 0:04:17]} O-O {[%emt 0:01:19]} 10. b4 {[%emt 0:22:15]} Be7 {[%emt 0:03:00]} 11. Bb2 {[%emt 0:02:28]} a5 {[%emt 0:03:59]} 12. b5 {[%emt 0:03:02]} a4 {[%emt 0:01:01]} 13. Nbd2 {[%emt 0:01:19]} Nd7 {[%emt 0:00:54]} 14. c4 {[%emt 0:07:26]} Nc5 {[%emt 0:10:36]} 15. Bf1 {[%emt 0:05:15]} Rd8 {[%emt 0:05:09]} 16. Qc2 {[%emt 0:04:36]} b6 {[%emt 0:04:51]} 17. g3 {[%emt 0:14:13]} Bb7 {[%emt 0:02:06]} 18. h4 {[%emt 0:00:56]} Nb3 {[%emt 0:26:50]} 19. Nxb3 {[%emt 0:10:45]} axb3 {[%emt 0:00:09]} 20. Qxb3 {[%emt 0:02:22]} dxc4 {[%emt 0:00:18]} 21. Qc3 {[%emt 0:00:55]} Bc5 {[%emt 0:03:49]} 22. Rad1 {[%emt 0:12:29]} Bd5 {[%emt 0:05:28]} 23. Nd2 {[%emt 0:04:05]} Qe7 {[%emt 0:05:24]} 24. h5 {[%emt 0:02:22]} Nf4 {[%emt 0:15:27]} 25. Nxc4 {[%emt 0:01:22]} Qg5 {[%emt 0:01:31]} 26. Nd6 {[%emt 0:04:00]} Nxh5 {[%emt 0:10:21]} 27. Rd3 {[%emt 0:02:01]} Nf4 {[%emt 0:01:47]} 28. Ne4 {[%emt 0:00:03]} Qg6 {[%emt 0:02:05]} 29. Rf3 {[%emt 0:01:03]} Nh3+ {[%emt 0:00:39]} 30. Bxh3 {[%emt 0:00:08]} Bxe4 {[%emt 0:00:04]} 31. Rfe3 {[%emt 0:01:42]} Bxe3 {[%emt 0:00:36]} 32. Qxe3 {[%emt 0:00:02]} Bd5 {[%emt 0:00:29]} 33. Bd4 {[%emt 0:00:40]} Qc2 {[%emt 0:00:49]} 34. Bxb6 {[%emt 0:00:09]} Rdb8 {[%emt 0:00:21]} 35. Bf1 {[%emt 0:00:05]} Ra4 {[%emt 0:00:41]} 36. Bd3 {[%emt 0:00:38]} Qb3 {[%emt 0:00:37]} 37. Rb1 {[%emt 0:01:28]} Qa2 {[%emt 0:00:31]} 38. Bc7 {[%emt 0:00:09]} Rc8 {[%emt 0:00:23]} 39. Bd6 {[%emt 0:00:25]} Bb7 {[%emt 0:00:30]} 40. Rd1 {[%emt 0:00:51]} Kh8 {[%emt 0:00:34]} 41. Bf1 {[%emt 0:16:27]} Qc2 {[%emt 0:06:29]} 42. Rd4 {[%emt 0:03:17]} Rxd4 {[%emt 0:11:02]} 43. Qxd4 {[%emt 0:00:04]} Qc1 {[%emt 0:02:43]} 44. Bb4 {[%emt 0:14:29]} Bd5 {[%emt 0:08:04]} 45. Qe3 {[%emt 0:12:34]} Qd1 {[%emt 0:10:56]} 46. Bc3 {[%emt 0:05:57]} Qf3 {[%emt 0:02:15]} 47. Qxf3 {[%emt 0:00:08]} Bxf3 {[%emt 0:00:01]} 48. Bb4 {[%emt 0:00:49]} Rc1 {[%emt 0:00:10]} 49. b6 {[%emt 0:00:11]} Rb1 {[%emt 0:05:20]} 50. g4 {[%emt 0:00:02]} h6 {[%emt 0:00:52]} 51. Bc5 {[%emt 0:01:38]} Bb7 {[%emt 0:01:54]} 52. Bb4 {[%emt 0:00:30]} Ba6 {[%emt 0:00:38]} 53. b7 {[%emt 0:00:30]} Bxb7 {[%emt 0:00:12]} 0-1

[Event "FIDE Chesscom Grand Swiss 2019"]
[Site "Douglas-Isle of Man"]
[Date "2019.10.14"]
[Round "5.38"]
[White "Danielian, Elina"]
[Black "Movsziszian, Karen"]
[Result "1/2-1/2"]
[WhiteElo "2385"]
[BlackElo "2475"]
[Annotator "ChessBase"]
[PlyCount "97"]
[EventDate "2019.10.10"]
[EventType "swiss"]
[EventCountry "GBR"]
[SourceTitle "playchess.com"]
[Source "ChessBase"]
[SourceQuality "1"]
[TimeControl "40/6000+30:20/3000+30:900+30"]

1. d4 {[%emt 0:00:00]} d6 {[%emt 0:00:01]} 2. Nf3 {[%emt 0:00:00]} g6 {[%emt 0:00:04]} 3. g3 {[%emt 0:00:13]} Bg7 {[%emt 0:00:08]} 4. Bg2 {[%emt 0:00:05]} Nd7 {[%emt 0:01:55]} 5. c4 {[%emt 0:00:25]} e5 {[%emt 0:00:07]} 6. Nc3 {[%emt 0:00:12]} Ne7 {[%emt 0:00:09]} 7. O-O {[%emt 0:02:54]} O-O {[%emt 0:00:06]} 8. e4 {[%emt 0:01:31]} exd4 {[%emt 0:00:31]} 9. Nxd4 {[%emt 0:00:26]} Nc6 {[%emt 0:00:03]} 10. Nxc6 {[%emt 0:04:52]} bxc6 {[%emt 0:01:50]} 11. Qc2 {[%emt 0:00:35]} Ne5 {[%emt 0:06:44]} 12. c5 {[%emt 0:09:12]} dxc5 {[%emt 0:03:43]} 13. Rd1 {[%emt 0:03:55]} Qe7 {[%emt 0:01:15]} 14. h3 {[%emt 0:02:26]} c4 {[%emt 0:01:27]} 15. Be3 {[%emt 0:01:55]} Be6 {[%emt 0:01:40]} 16. Ne2 {[%emt 0:02:26]} Rab8 {[%emt 0:09:13]} 17. Rab1 {[%emt 0:03:16]} Nd3 {[%emt 0:30:01]} 18. Nd4 {[%emt 0:05:14]} Bd7 {[%emt 0:00:29]} 19. b3 {[%emt 0:11:00]} c5 {[%emt 0:01:11]} 20. Nf3 {[%emt 0:01:08]} Bc6 {[%emt 0:14:15]} 21. Qxc4 {[%emt 0:13:45]} Nb2 {[%emt 0:02:20]} 22. Rxb2 {[%emt 0:00:12]} Bxb2 {[%emt 0:00:03]} 23. Bxc5 {[%emt 0:00:55]} Qxe4 {[%emt 0:00:02]} 24. Qxe4 {[%emt 0:00:52]} Bxe4 {[%emt 0:00:02]} 25. Bxf8 {[%emt 0:00:07]} Kxf8 {[%emt 0:22:52]} 26. Rd7 {[%emt 0:03:58]} h6 {[%emt 0:00:29]} 27. Nd2 {[%emt 0:14:25]} Bf5 {[%emt 0:00:47]} 28. Rxc7 {[%emt 0:00:06]} Rd8 {[%emt 0:00:23]} 29. Nc4 {[%emt 0:05:52]} Bd4 {[%emt 0:00:02]} 30. g4 {[%emt 0:07:13]} Be6 {[%emt 0:00:03]} 31. Bf3 {[%emt 0:00:08]} Rd7 {[%emt 0:03:24]} 32. Rxd7 {[%emt 0:03:40]} Bxd7 {[%emt 0:00:02]} 33. Kg2 {[%emt 0:00:44]} Ke7 {[%emt 0:00:01]} 34. Bd5 {[%emt 0:01:34]} f5 {[%emt 0:00:15]} 35. f3 {[%emt 0:02:42]} Kf6 {[%emt 0:03:42]} 36. Kg3 {[%emt 0:02:21]} fxg4 {[%emt 0:00:42]} 37. fxg4 {[%emt 0:01:43]} h5 {[%emt 0:00:14]} 38. Kf4 {[%emt 0:05:21]} hxg4 {[%emt 0:00:03]} 39. hxg4 {[%emt 0:00:03]} g5+ {[%emt 0:00:03]} 40. Kf3 {[%emt 0:00:41]} Bc5 {[%emt 0:02:47]} 41. a3 {[%emt 0:51:45]} Bb5 {[%emt 0:51:32]} 42. b4 {[%emt 0:00:35]} Bxc4 {[%emt 0:00:33]} 43. Bxc4 {[%emt 0:00:04]} Bg1 {[%emt 0:00:19]} 44. Ke4 {[%emt 0:00:04]} Ke7 {[%emt 0:00:02]} 45. Kd5 {[%emt 0:00:39]} Kd7 {[%emt 0:00:01]} 46. a4 {[%emt 0:00:16]} Kc7 {[%emt 0:00:09]} 47. a5 {[%emt 0:00:24]} Be3 {[%emt 0:00:05]} 48. b5 {[%emt 0:00:37]} Bd2 {[%emt 0:00:21]} 49. b6+ {[%emt 0:00:30]} 1/2-1/2

[Event "FIDE Chesscom Grand Swiss 2019"]
[Site "Douglas-Isle of Man"]
[Date "2019.10.14"]
[Round "5.39"]
[White "Dahl, Baard"]
[Black "Movsesian, Sergei"]
[Result "0-1"]
[WhiteElo "2067"]
[BlackElo "2654"]
[Annotator "TA"]
[PlyCount "64"]
[EventDate "2019.10.10"]
[EventType "swiss"]
[EventCountry "GBR"]
[SourceTitle "playchess.com"]
[Source "ChessBase"]
[SourceQuality "1"]

{[%evp 12,64,26,36,69,41,49,59,45,38,58,0,-9,-6,-7,-3,30,33,26,-20,37,-45,0,-80,14,24,93,80,139,139,130,57,60,-147,-137,-125,-150,-127,-141,-206,-202,-202,-194,-395,-405,-402,-412,-685,-675,-1269,-1272,-1178,-1112,-1102,-939]} 1. e4 c5 2. Nf3 e6 3. d4 cxd4 4. Nxd4 Nc6 5. Nc3 d6 6. g4 a6 7. Be3 Bd7 {B54: Sicilian: 2...d6 3 d4 cxd4 4 Nxd4, Unusual Lines} 8. g5 b5 9. Nxc6 $146 ({Predecessor:} 9. a3 Rc8 10. Nxc6 Bxc6 11. Qd2 Qa5 12. Bg2 Ne7 13. f4 Rd8 14. Qf2 {1-0 (52) Bacrot,E (2725)-Movsesian,S (2647) Riadh 2017}) 9... Bxc6 {White is slightly better.} 10. Qd4 h6 11. f4 (11. g6 $14) 11... hxg5 $11 12. fxg5 Ne7 13. h4 Ng6 14. h5 Ne5 15. Be2 Rb8 (15... Be7 $11) 16. Bf4 (16. a3 $14) 16... b4 17. Nd5 (17. Nb1 $11) 17... Ng6 (17... exd5 $17 18. exd5 Bb5 19. Bxb5+ Rxb5) 18. Bh2 $1 Nh4 (18... exd5 $11 {remains equal.} 19. hxg6 (19. exd5 Bb5 $11) 19... Qxg5) 19. Nxb4 {[%mdl 64] Double Attack} Bb5 (19... Qa5 $142 20. c3 (20. Bxd6 Rd8 $11) 20... Qxg5) 20. c4 $16 Bd7 {[#]} 21. Qd2 (21. Bxd6 Rxb4 22. Rxh4 Bxd6 $14) (21. a3 $1 $16) 21... Qb6 $14 {White must now prevent ...Ng2+.} 22. Nd3 $2 (22. Nc2 $14 {keeps the upper hand.} Qxb2 23. O-O (23. Bxd6 Bxd6 24. Qxd6 Rb6 $14)) 22... Ng2+ $17 23. Kd1 {aiming for Bg1.} Ne3+ 24. Ke1 {c5! is the strong threat.} Nxc4 25. Qc3 (25. Qc1 $17 Nxb2 26. Qxb2 Qxb2 27. Nxb2 Rxb2 28. Bg1) 25... Rc8 $19 ({Don't do} 25... Nxb2 26. Nc5 $17) 26. Bg1 {[#]} Qd8 $1 27. Qd4 $2 (27. Nc5 {keeps fighting.} Nb6 28. Nb7 Qxg5 29. Qe3 Qxe3 30. Bxe3) 27... Qxg5 28. Rc1 e5 29. Qf2 {[#]} (29. Qc3 $142 d5 30. exd5) 29... d5 $1 {[%mdl 512] Threatens to win with ...Bb4+!Black is clearly winning.} 30. exd5 {[#]} Bb4+ $1 {[%mdl 576] Deflection} 31. Nxb4 Qxc1+ {[%mdl 64] Double Attack} 32. Bd1 {[#]} Nxb2 {Played: Bd7-g4} 0-1

[Event "FIDE Chesscom Grand Swiss 2019"]
[Site "Douglas-Isle of Man"]
[Date "2019.10.14"]
[Round "5.40"]
[White "Paehtz, Elisabeth"]
[Black "Kolbus, Dietmar"]
[Result "1/2-1/2"]
[WhiteElo "2489"]
[BlackElo "2300"]
[Annotator "ChessBase"]
[PlyCount "81"]
[EventDate "2019.10.10"]
[EventType "swiss"]
[EventCountry "GBR"]
[SourceTitle "playchess.com"]
[Source "ChessBase"]
[SourceQuality "1"]
[TimeControl "40/6000+30:20/3000+30:900+30"]

1. d4 {[%emt 0:01:16]} Nf6 {[%emt 0:00:01]} 2. Nf3 {[%emt 0:00:06]} g6 {[%emt 0:00:15]} 3. Bg5 {[%emt 0:00:06]} Bg7 {[%emt 0:00:06]} 4. Nbd2 {[%emt 0:00:04]} d5 {[%emt 0:00:34]} 5. e3 {[%emt 0:00:14]} c6 {[%emt 0:01:59]} 6. Be2 {[%emt 0:02:44]} Nbd7 {[%emt 0:04:09]} 7. h3 {[%emt 0:04:13]} Qa5 {[%emt 0:10:38]} 8. c3 {[%emt 0:05:20]} Ne4 {[%emt 0:03:14]} 9. b4 {[%emt 0:01:40]} Qd8 {[%emt 0:03:52]} 10. Nxe4 {[%emt 0:00:05]} dxe4 {[%emt 0:00:06]} 11. Nd2 {[%emt 0:00:05]} f5 {[%emt 0:01:07]} 12. Qb3 {[%emt 0:01:28]} Nf6 {[%emt 0:00:28]} 13. O-O {[%emt 0:06:50]} Nd5 {[%emt 0:07:49]} 14. c4 {[%emt 0:04:51]} Nc7 {[%emt 0:00:18]} 15. Rad1 {[%emt 0:04:00]} Be6 {[%emt 0:02:12]} 16. f3 {[%emt 0:01:30]} exf3 {[%emt 0:00:16]} 17. Nxf3 {[%emt 0:04:45]} b5 {[%emt 0:23:19]} 18. Bf4 {[%emt 0:07:45]} Bxc4 {[%emt 0:02:45]} 19. Bxc4 {[%emt 0:00:04]} bxc4 {[%emt 0:00:08]} 20. Qxc4 {[%emt 0:00:52]} Qd5 {[%emt 0:00:32]} 21. Rc1 {[%emt 0:11:01]} Qxc4 {[%emt 0:00:58]} 22. Rxc4 {[%emt 0:00:03]} Nd5 {[%emt 0:00:06]} 23. Rfc1 {[%emt 0:03:45]} O-O {[%emt 0:06:40]} 24. a3 {[%emt 0:07:27]} a5 {[%emt 0:00:39]} 25. Rxc6 {[%emt 0:00:14]} axb4 {[%emt 0:00:17]} 26. axb4 {[%emt 0:00:05]} Nxb4 {[%emt 0:00:12]} 27. Re6 {[%emt 0:00:43]} Nd3 {[%emt 0:00:44]} 28. Rc7 {[%emt 0:00:30]} Nxf4 {[%emt 0:00:42]} 29. exf4 {[%emt 0:00:08]} Bf6 {[%emt 0:00:42]} 30. Kf2 {[%emt 0:03:54]} Rac8 {[%emt 0:01:14]} 31. Rec6 {[%emt 0:00:18]} Rxc7 {[%emt 0:00:19]} 32. Rxc7 {[%emt 0:00:05]} Rd8 {[%emt 0:05:47]} 33. Ke3 {[%emt 0:00:21]} Rd5 {[%emt 0:09:59]} 34. g4 {[%emt 0:01:15]} Kf8 {[%emt 0:03:32]} 35. g5 {[%emt 0:02:07]} Bg7 {[%emt 0:00:07]} 36. h4 {[%emt 0:00:57]} Ra5 {[%emt 0:02:04]} 37. Rc8+ {[%emt 0:00:50]} Kf7 {[%emt 0:00:10]} 38. Rd8 {[%emt 0:00:03]} Ra3+ {[%emt 0:00:29]} 39. Ke2 {[%emt 0:00:14]} Ra2+ {[%emt 0:00:11]} 40. Ke3 {[%emt 0:00:06]} Ra3+ {[%emt 0:00:05]} 41. Ke2 {[%emt 0:51:25]} 1/2-1/2

[Event "FIDE Chesscom Grand Swiss 2019"]
[Site "Douglas-Isle of Man"]
[Date "2019.10.14"]
[Round "5.41"]
[White "Solomon, Kenny"]
[Black "Jansa, Vlastimil"]
[Result "1/2-1/2"]
[WhiteElo "2382"]
[BlackElo "2452"]
[Annotator "ChessBase"]
[PlyCount "127"]
[EventDate "2019.10.10"]
[EventType "swiss"]
[EventCountry "GBR"]
[SourceTitle "playchess.com"]
[Source "ChessBase"]
[SourceQuality "1"]
[TimeControl "40/6000+30:20/3000+30:900+30"]

1. d4 {[%emt 0:00:06]} Nf6 {[%emt 0:00:00]} 2. c4 {[%emt 0:00:18]} g6 {[%emt 0:00:10]} 3. Nc3 {[%emt 0:00:40]} d5 {[%emt 0:00:16]} 4. Nf3 {[%emt 0:00:34]} Bg7 {[%emt 0:00:09]} 5. cxd5 {[%emt 0:00:14]} Nxd5 {[%emt 0:00:05]} 6. e4 {[%emt 0:00:09]} Nxc3 {[%emt 0:00:09]} 7. bxc3 {[%emt 0:00:03]} c5 {[%emt 0:00:16]} 8. Be3 {[%emt 0:00:12]} Qa5 {[%emt 0:01:05]} 9. Qd2 {[%emt 0:00:27]} Nc6 {[%emt 0:00:52]} 10. Rb1 {[%emt 0:00:49]} a6 {[%emt 0:02:12]} 11. Rc1 {[%emt 0:00:19]} cxd4 {[%emt 0:02:47]} 12. cxd4 {[%emt 0:01:43]} Qxd2+ {[%emt 0:00:31]} 13. Kxd2 {[%emt 0:00:07]} e6 {[%emt 0:00:49]} 14. Bd3 {[%emt 0:00:44]} O-O {[%emt 0:03:16]} 15. h4 {[%emt 0:08:22]} Bd7 {[%emt 0:05:53]} 16. h5 {[%emt 0:25:04]} Rfc8 {[%emt 0:02:32]} 17. Rb1 {[%emt 0:03:36]} Na5 {[%emt 0:11:55]} 18. hxg6 {[%emt 0:02:51]} hxg6 {[%emt 0:01:27]} 19. e5 {[%emt 0:07:01]} Bb5 {[%emt 0:09:44]} 20. Bxb5 {[%emt 0:28:08]} axb5 {[%emt 0:00:05]} 21. Rxb5 {[%emt 0:00:02]} Nc4+ {[%emt 0:12:26]} 22. Kd3 {[%emt 0:00:02]} Nxe3 {[%emt 0:02:47]} 23. fxe3 {[%emt 0:02:10]} Rxa2 {[%emt 0:01:33]} 24. g4 {[%emt 0:03:31]} Rg2 {[%emt 0:15:00]} 25. g5 {[%emt 0:11:14]} Rc7 {[%emt 0:04:57]} 26. Rhb1 {[%emt 0:04:10]} Rg3 {[%emt 0:07:14]} 27. Rf1 {[%emt 0:00:02]} Rg2 {[%emt 0:06:11]} 28. Rb3 {[%emt 0:03:46]} Bf8 {[%emt 0:02:45]} 29. Rg1 {[%emt 0:00:16]} Rxg1 {[%emt 0:10:20]} 30. Nxg1 {[%emt 0:00:03]} Be7 {[%emt 0:00:32]} 31. Nf3 {[%emt 0:00:01]} Kf8 {[%emt 0:00:32]} 32. e4 {[%emt 0:01:02]} Rd7 {[%emt 0:00:40]} 33. Rb5 {[%emt 0:00:37]} Rc7 {[%emt 0:00:28]} 34. Rb1 {[%emt 0:01:46]} Rd7 {[%emt 0:00:21]} 35. Rb3 {[%emt 0:03:00]} Ke8 {[%emt 0:00:58]} 36. Ke3 {[%emt 0:01:17]} Kd8 {[%emt 0:00:44]} 37. Rb5 {[%emt 0:01:10]} Rc7 {[%emt 0:02:10]} 38. Kd3 {[%emt 0:02:22]} Kc8 {[%emt 0:01:42]} 39. Rb1 {[%emt 0:00:06]} Rd7 {[%emt 0:00:47]} 40. Rb5 {[%emt 0:00:31]} Rc7 {[%emt 0:01:24]} 41. Rb1 {[%emt 0:10:53]} Rd7 {[%emt 0:01:24]} 42. Rb2 {[%emt 0:04:37]} Kb8 {[%emt 0:04:14]} 43. Rb5 {[%emt 0:08:13]} Ka7 {[%emt 0:05:29]} 44. Rb1 {[%emt 0:11:57]} Ka6 {[%emt 0:03:15]} 45. Ra1+ {[%emt 0:01:26]} Kb5 {[%emt 0:00:47]} 46. Rb1+ {[%emt 0:00:49]} Ka4 {[%emt 0:03:14]} 47. Rc1 {[%emt 0:07:59]} b5 {[%emt 0:04:25]} 48. Rc8 {[%emt 0:00:23]} Bd8 {[%emt 0:01:46]} 49. Ra8+ {[%emt 0:02:48]} Kb4 {[%emt 0:01:36]} 50. Rb8 {[%emt 0:05:57]} Ka5 {[%emt 0:08:10]} 51. Ra8+ {[%emt 0:00:42]} Kb6 {[%emt 0:00:57]} 52. Rb8+ {[%emt 0:00:23]} Ka6 {[%emt 0:01:13]} 53. Ra8+ {[%emt 0:00:15]} Kb7 {[%emt 0:00:23]} 54. Ra1 {[%emt 0:00:22]} Be7 {[%emt 0:00:42]} 55. Kc3 {[%emt 0:01:10]} Rd8 {[%emt 0:05:13]} 56. Rh1 {[%emt 0:00:52]} Ra8 {[%emt 0:01:22]} 57. Kb2 {[%emt 0:00:15]} Ra3 {[%emt 0:02:38]} 58. Nd2 {[%emt 0:00:01]} Rd3 {[%emt 0:01:12]} 59. Nb3 {[%emt 0:00:02]} Rf3 {[%emt 0:08:45]} 60. Rg1 {[%emt 0:01:16]} Rf2+ {[%emt 0:02:16]} 61. Kc3 {[%emt 0:04:53]} Rf3+ {[%emt 0:01:41]} 62. Kc2 {[%emt 0:01:21]} Rf2+ {[%emt 0:01:45]} 63. Kc3 {[%emt 0:04:29]} Rf3+ {[%emt 0:03:11]} 64. Kc2 {[%emt 0:00:07]} 1/2-1/2

[Event "FIDE Chesscom Grand Swiss 2019"]
[Site "Douglas-Isle of Man"]
[Date "2019.10.14"]
[Round "5.42"]
[White "Batsiashvili, Nino"]
[Black "Nebolsina, Vera"]
[Result "1-0"]
[WhiteElo "2422"]
[BlackElo "2252"]
[Annotator "NA"]
[PlyCount "45"]
[EventDate "2019.10.10"]
[EventType "swiss"]
[EventCountry "GBR"]
[SourceTitle "playchess.com"]
[Source "ChessBase"]
[SourceQuality "1"]
[TimeControl "40/6000+30:20/3000+30:900+30"]

1. c4 {[%emt 0:00:00]} e5 {[%emt 0:00:00]} 2. Nc3 {[%emt 0:00:00]} Nc6 {[%emt 0:00:00]} 3. Nf3 {[%emt 0:00:00]} Nf6 {[%emt 0:00:54]} 4. e4 {[%emt 0:00:06]} Bc5 {[%emt 0:02:24]} 5. Nxe5 {[%emt 0:01:20]} Nxe5 {[%emt 0:00:06]} 6. d4 {[%emt 0:00:03]} Bd6 {[%emt 0:00:07]} 7. c5 {[%emt 0:06:44]} Bxc5 {[%emt 0:00:49]} 8. dxc5 {[%emt 0:10:42]} Qe7 {[%emt 0:03:54]} 9. Be2 {[%emt 0:14:09]} O-O {[%emt 0:12:47]} 10. Bg5 {[%emt 0:14:40]} Qxc5 {[%emt 0:18:09]} 11. Bxf6 {[%emt 0:02:36]} gxf6 {[%emt 0:00:06]} 12. Rc1 {[%emt 0:02:21]} c6 {[%emt 0:02:05]} 13. Qd2 {[%emt 0:04:46]} Qe7 {[%emt 0:08:07]} 14. f4 {[%emt 0:02:41]} Ng6 {[%emt 0:00:15]} 15. h4 {[%emt 0:00:38]} f5 {[%emt 0:14:13]} 16. exf5 {[%emt 0:14:19]} Nxh4 {[%emt 0:00:30]} 17. Qd3 {[%emt 0:00:03]} d5 {[%emt 0:03:44]} 18. Qg3+ {[%emt 0:02:11]} Ng6 {[%emt 0:00:03]} 19. Qh2 {[%emt 0:01:44]} Qh4+ {[%emt 0:03:09]} 20. Qxh4 {[%emt 0:00:05]} Nxh4 {[%emt 0:00:03]} 21. Rxh4 {[%emt 0:00:05]} Bxf5 {[%emt 0:00:03]} 22. g4 {[%emt 0:05:01]} Bd7 {[%emt 0:00:07]} 23. Bd3 {[%emt 0:00:09]} 1-0

[Event "FIDE Chesscom Grand Swiss 2019"]
[Site "Douglas-Isle of Man"]
[Date "2019.10.14"]
[Round "5.43"]
[White "Allen, Keith"]
[Black "Wu, Li"]
[Result "1/2-1/2"]
[WhiteElo "2161"]
[BlackElo "2332"]
[Annotator "TA"]
[PlyCount "61"]
[EventDate "2019.10.10"]
[EventType "swiss"]
[EventCountry "GBR"]
[SourceTitle "playchess.com"]
[Source "ChessBase"]
[SourceQuality "1"]

{[%evp 24,61,21,19,17,0,0,0,16,1,1,0,30,22,45,45,36,38,40,-20,-15,-4,-11,-9,-9,-75,21,9,31,29,28,21,21,21,50,30,30,23,33,34]} 1. d4 Nf6 2. c4 e6 3. Nc3 Bb4 4. Qc2 O-O 5. a3 Bxc3+ 6. Qxc3 Ne4 7. Qc2 f5 8. Nf3 b6 9. g3 Bb7 10. Bg2 Nf6 11. O-O Be4 12. Qc3 a5 13. b3 Qe8 {E32: Nimzo-Indian: Classical (4 Qc2): 4...0-0} (13... Nc6 14. Bb2 Ne7 15. Rad1 Qe8 16. Ne1 Bxg2 17. Nxg2 d6 18. f3 a4 19. b4 b5 20. cxb5 Qxb5 21. Qxc7 Qxe2 {1-0 (46) Khismatullin,D (2635)-Nozdrachev,V (2463) St Petersburg 2011}) 14. Ne1 Bxg2 15. Nxg2 d6 $146 {The position is equal.} ({Predecessor:} 15... Nc6 16. f3 a4 17. b4 d5 18. Nf4 e5 19. dxe5 d4 20. Qc2 Qxe5 21. Nd3 {0-1 (44) Arana Garate,J (1959)-Salvador,R (2472) Fermo 2010}) 16. Qd3 Nbd7 17. Bb2 c6 18. Rae1 a4 19. b4 d5 20. Rc1 Ne4 21. c5 (21. cxd5 $14 cxd5 22. b5) 21... b5 $11 22. f3 Ng5 23. Nf4 Nf7 24. Qe3 (24. Nh3 $11 {keeps the balance.}) 24... Nd8 (24... e5 $17 25. Nd3 e4) 25. h4 g6 26. Kg2 Ra7 27. Rh1 Nf6 28. Rce1 Rg7 29. Nd3 Nf7 30. Reg1 h6 31. Kf1 {Accuracy: White = 36%, Black = 38%.} 1/2-1/2